00000000nam 2200000zi 4500
0019.947215
003CaOODSP
00520250306112040
006m     o  d f      
007cr |n|||||||||
008250121e20241212oncd    ob   f|0| 0 fre d
040 |aCaOODSP|bfre|erda|cCaOODSP
043 |an-cn---
0861 |aYN5-296/2024F-PDF
1001 |aSegel-Brown, Ben, |eauteur.
24510|aDépenses fédérales axées sur l’abordabilité du logement en 2024 / |cBen Segel-Brown, analyste principal.
264 1|aOttawa, Canada : |bBureau du directeur parlementaire du budget = Office of the Parliamentary Budget Officer, |c12 décembre 2024.
264 4|c©2024
300 |a1 ressource en ligne (33 pages) : |bgraphiques
336 |atexte|btxt|2rdacontent/fre
337 |ainformatique|bc|2rdamedia/fre
338 |aressource en ligne|bcr|2rdacarrier/fre
500 |aPublié aussi en anglais sous le titre : Federal spending on housing affordability in 2024.
500 |a« RP-2425-023-S_e. »
504 |aComprend des références bibliographiques (pages 31-33).
650 6|aLogement|xPolitique gouvernementale|zCanada.
650 6|aAide de l'État au logement|zCanada.
7101 |aCanada. |bBureau du Directeur parlementaire du budget, |eorganisme de publication.
77508|tFederal spending on housing affordability in 2024 / |w(CaOODSP)9.947181
85640|qPDF|s4.17 Mo|uhttps://publications.gc.ca/collections/collection_2025/dpb-pbo/YN5-296-2024-fra.pdf